| 000 | 00691nam a2200253 a 4500 | ||
|---|---|---|---|
| 001 | adlib96000001 | ||
| 003 | ViArRB | ||
| 005 | 200902210153555.7 | ||
| 008 | 960221s1955 dcuabcdjdbkoqu001 0deng d | ||
| 020 | _a | ||
| 022 | _a | ||
| 040 | _aAdlib | ||
| 082 | _aFH | ||
| 245 | _aTamil Ki Pratinidhi Kahaniyam | ||
| 250 | _a | ||
| 260 |
_aMadras _bDashin Bharat Hindi Prachar Sabha _c1965 |
||
| 300 |
_a117 p. _c |
||
| 500 | _a | ||
| 100 |
_a _e |
||
| 700 |
_a _a |
||
| 942 | _cBK | ||
| 653 |
_aHINDHI LITERATURE _aHINDILITERATURE _aHINDIL _aHINIDILITERATURE _aHindi Literature |
||
| 952 |
_w2010-06-19 _pH0004519 _r2010-06-19 _40 _00 _bUL _10 _oF H TAM _d2010-06-19 _70 _yBK _aUL |
||
| 999 |
_c62362 _d62361 |
||